000 02483cam a2200457 i 4500
001 17912732
003 PILC
005 20160330131250.0
008 131021s2013 nyu 000 f eng d
010 _a 2013431170
020 _a9780062120397 (hardcover)
020 _a0062120395 (hardcover)
020 _a9780062293589 (international edition)
035 _a(OCoLC)ocn834159090
040 _aUPZ
_beng
_cUPZ
_erda
_dUPZ
_dYDXCP
_dBTCTA
_dBDX
_dFLWMD
_dFOLLT
_dWVR
_dMNJ
_dBWX
_dOCLCQ
_dCOO
_dNSB
_dZCU
_dCDX
_dCHVBK
_dAU@
_dDLC
042 _alccopycat
043 _an-us-tx
050 0 0 _aPS 3613
_b.M612 2013
082 0 4 _a813/.6
100 1 _aMeyer, Philipp,
_d1974-
245 1 4 _aThe son /
_cPhilipp Meyer.
250 _a1st edition.
260 _aNY :
_bHarper Collins Publishers,
_c2013.
300 _aviii, 561 pages ;
_c24 cm
520 _a"Part epic of Texas, part classic coming-of-age story, part unflinching portrait of the bloody price of power, this is a novel that maps the legacy of violence in the American West through the lives of the McCulloughs, an ambitious family as resilient and dangerous as the land they claim. Spring, 1849. Eli McCullough is thirteen years old when a marauding band of Comanches takes him captive. Brave and clever, Eli quickly adapts to life among the Comanches, learning their ways and waging war against their enemies, including white men, which complicates his sense of loyalty and understanding of who he is. But when disease, starvation, and overwhelming numbers of armed Americans decimate the tribe, Eli finds himself alone. Neither white nor Indian, civilized nor fully wild, he must carve a place for himself in a world in which he does not fully belong, a journey of adventure, tragedy, hardship, grit, and luck that reverberates in the lives of his progeny"--
650 0 _aIndian captivities
_vFiction.
650 0 _aComanche Indians
_vFiction.
650 0 _aFathers and sons
_vFiction.
650 0 _aFamilies
_zTexas
_vFiction.
650 0 _aFrontier and pioneer life
_zTexas
_vFiction.
650 7 _aRoman.
_2gnd
650 7 _aAmerikanisches Englisch.
_2gnd
651 0 _aTexas
_vFiction.
655 7 _aEpic fiction.
_2gsafd
655 7 _aWestern stories.
_2gsafd
655 7 _aEpic fiction.
_2lcgft
655 7 _aWestern stories.
_2lcgft
906 _a7
_bcbc
_ccopycat
_d2
_encip
_f20
_gy-gencatlg
942 _2lcc
_cBK
999 _c293091
_d293091